LEADER 01070nam0 22002651i 450 001 UON00407525 005 20231205104725.690 100 $a20120328d1975 |0itac50 ba 101 $aita 102 $aIT 105 $a|||| ||||| 200 1 $aAtti della tavola rotonda$eorientamenti di ricerca sulla comprensione dei programmi radiotelevisivi, Roma 29-30 novembre 1973$fRai 210 $aRoma$cRai$d1975 215 $a159 p.$d30 cm. 410 1$1001UON00407527$12001 $aQuaderni del servizio opinioni$v259 606 $aTelevisione$3UONC039829$2FI 620 $aIT$dRoma$3UONL000004 710 02$aRAI Radiotelevisione Italiana$3UONV128201$0708286 712 $aRAI Radiotelevisione Italiana$3UONV257677$4650 801 $aIT$bSOL$c20250808$gRICA 899 $aSIBA - SISTEMA BIBLIOTECARIO DI ATENEO$2UONSI 912 $aUON00407525 950 $aSIBA - SISTEMA BIBLIOTECARIO DI ATENEO$dSI A D 0387 $eSI SC 7245 5 0387 $sBuono 996 $aAtti della tavola rotonda$91345427 997 $aUNIOR